| 000 | 00771nas a2200253 4500 | ||
|---|---|---|---|
| 001 | BR0901611 | ||
| 003 | BR-BrBNA | ||
| 005 | 20231205112615.0 | ||
| 007 | ta | ||
| 008 | 230509b bl.|||p| |||| 00| 00por d | ||
| 040 |
_aBR-BrBNA _bpor _cBiblioteca Nacional de Agricultura |
||
| 041 | _a](Pt) | ||
| 072 | _aF60 | ||
| 100 | 1 | _aConforto, E. de C. | |
| 100 | 1 | _aAndreoli, R.P. | |
| 100 | 1 | _aCavalcante, J.R. | |
| 245 | 1 | _aTrocas gasosas e teor de clorofila em folhas sombreadas de plantas jovens de seringueira | |
| 650 | _aSERINGUEIRA | ||
| 650 | _aCLOROFILA | ||
| 650 | _aSOMBREAMENTO | ||
| 773 | 0 |
_tRevista de Agricultura (Brazil) _xISSN 0034-7655 _g(Jun 2008), v. 83(1) p. 75-79 _wBR0901611 |
|
| 909 |
_a202311 _bLúcia _c55 _dLúcia Elande |
||
| 942 |
_2AGRIS _n0 _cANA |
||
| 999 |
_c198933 _d198933 |
||